[Event "DEM U14 2018"]
[Site "Willingen GER"]
[Date "2018.05.20"]
[Round "1"]
[White "Kölle, Tobias"]
[Black "Hetzner, Hannes"]
[Result "1-0"]
[Termination "normal"]
[Board "5"]
[WhiteElo "2226"]
[BlackElo "1868"]
[WhiteClock "01:23:39"]
[BlackClock "00:06:09"]
[PlyCount "135"]
[WhiteFideId "16207378"]
[BlackFideId "16211936"]
[EventCountry "GER"]
[EventRounds "9"]
[EventType "swiss"]
[EventDate "2018.05.19"]

1. d4 {[%clk 1:30:57]} 1... Nf6 {[%clk 1:30:53]} 2. c4 {[%clk 1:31:18]} 2... e6
{[%clk 1:31:19]} 3. Nf3 {[%clk 1:31:37]} 3... d5 {[%clk 1:31:43]} 4. Nc3 {
[%clk 1:31:51]} 4... Bb4 {[%clk 1:32:04]} 5. cxd5 {[%clk 1:30:11]} 5... exd5 {
[%clk 1:32:23]} 6. e3 {[%clk 1:25:45]} 6... O-O {[%clk 1:29:03]} 7. Bd3 { [%clk
1:23:25]} 7... Bg4 {[%clk 1:26:34]} 8. Qc2 {[%clk 1:22:38]} 8... c5 { [%clk
1:18:00]} 9. Ne5 {[%clk 1:19:24]} 9... cxd4 {[%clk 1:14:20]} 10. exd4 { [%clk
1:19:34]} 10... Nc6 {[%clk 1:03:57]} 11. Nxc6 {[%clk 1:15:52]} 11... bxc6
{[%clk 1:02:51]} 12. O-O {[%clk 1:15:41]} 12... Bh5 {[%clk 0:58:17]} 13. Bg5 {
[%clk 1:10:14]} 13... Bg6 {[%clk 0:56:58]} 14. Bxg6 {[%clk 1:10:16]} 14... hxg6
{[%clk 0:54:09]} 15. Na4 {[%clk 1:09:38]} 15... Qc7 {[%clk 0:51:20]} 16. Bxf6 {
[%clk 1:07:25]} 16... gxf6 {[%clk 0:51:38]} 17. Rac1 {[%clk 1:07:24]} 17...
Rac8 {[%clk 0:50:33]} 18. Nc5 {[%clk 1:07:03]} 18... Bxc5 {[%clk 0:45:24]} 19.
Qxc5 {[%clk 1:07:32]} 19... Rfe8 {[%clk 0:41:58]} 20. b4 {[%clk 1:04:34]} 20...
Qb6 {[%clk 0:39:08]} 21. Rc2 {[%clk 1:03:02]} 21... Qxc5 {[%clk 0:17:20]} 22.
Rxc5 {[%clk 1:02:29]} 22... Rb8 {[%clk 0:15:52]} 23. a3 {[%clk 1:02:47]} 23...
Rb6 {[%clk 0:15:59]} 24. Rd1 {[%clk 1:01:30]} 24... Kf8 {[%clk 0:15:35]} 25.
Kf1 {[%clk 1:01:32]} 25... Re6 {[%clk 0:14:54]} 26. Rd3 {[%clk 1:00:26]} 26...
Ke7 {[%clk 0:14:44]} 27. f3 {[%clk 1:00:36]} 27... Kd7 {[%clk 0:13:23]} 28. Kf2
{[%clk 1:00:49]} 28... Rb5 {[%clk 0:11:19]} 29. Rdc3 {[%clk 1:00:54]} 29... a6
{[%clk 0:10:21]} 30. h4 {[%clk 1:00:11]} 30... f5 {[%clk 0:09:35]} 31. g3 {
[%clk 0:59:10]} 31... Kc7 {[%clk 0:07:16]} 32. Rb3 {[%clk 0:58:10]} 32... Re8 {
[%clk 0:05:46]} 33. Re3 {[%clk 0:57:10]} 33... Rbb8 {[%clk 0:04:52]} 34. Rec3 {
[%clk 0:57:07]} 34... Re6 {[%clk 0:03:23]} 35. Rxd5 {[%clk 0:57:28]} 35... Rd8
{[%clk 0:03:09]} 36. Rxd8 {[%clk 0:57:49]} 36... Kxd8 {[%clk 0:03:34]} 37. Rc5
{[%clk 0:58:07]} 37... Rd6 {[%clk 0:02:20]} 38. Ke3 {[%clk 0:58:26]} 38... Kd7
{[%clk 0:00:35]} 39. Ra5 {[%clk 0:58:44]} 39... Re6+ {[%clk 0:00:58]} 40. Kd2 {
[%clk 0:59:07]} 40... Rd6 {[%clk 0:00:37]} 41. Kd3 {[%clk 0:59:27]} 41... Kc7 {
[%clk 0:27:16]} 42. Rxa6 {[%clk 1:29:07]} 42... Kb7 {[%clk 0:27:40]} 43. Ra5 {
[%clk 1:29:32]} 43... Kb6 {[%clk 0:27:28]} 44. Re5 {[%clk 1:29:44]} 44... Rd7 {
[%clk 0:27:43]} 45. Kc4 {[%clk 1:30:06]} 45... Ra7 {[%clk 0:27:52]} 46. Re3 {
[%clk 1:29:28]} 46... Ra8 {[%clk 0:27:07]} 47. Kb3 {[%clk 1:28:02]} 47... Rd8 {
[%clk 0:26:45]} 48. Rd3 {[%clk 1:28:18]} 48... f4 {[%clk 0:26:28]} 49. gxf4 {
[%clk 1:26:43]} 49... Rd5 {[%clk 0:24:14]} 50. a4 {[%clk 1:27:01]} 50... Rf5 {
[%clk 0:23:12]} 51. a5+ {[%clk 1:26:26]} 51... Kb7 {[%clk 0:23:08]} 52. Re3 {
[%clk 1:24:56]} 52... Rxf4 {[%clk 0:23:16]} 53. Kc4 {[%clk 1:25:15]} 53... Rf5
{[%clk 0:22:21]} 54. Re7+ {[%clk 1:23:13]} 54... Kb8 {[%clk 0:22:02]} 55. d5 {
[%clk 1:21:05]} 55... cxd5+ {[%clk 0:16:45]} 56. Kc5 {[%clk 1:21:28]} 56... d4+
{[%clk 0:13:14]} 57. Kxd4 {[%clk 1:21:39]} 57... Rxf3 {[%clk 0:13:25]} 58. Kc5
{[%clk 1:21:41]} 58... Rf5+ {[%clk 0:11:06]} 59. Kb6 {[%clk 1:22:02]} 59...
Rf6+ {[%clk 0:11:24]} 60. Kb5 {[%clk 1:22:26]} 60... Rf5+ {[%clk 0:11:39]} 61.
Ka4 {[%clk 1:21:57]} 61... Rf4 {[%clk 0:11:09]} 62. a6 {[%clk 1:22:18]} 62...
Rxh4 {[%clk 0:10:46]} 63. Rxf7 {[%clk 1:22:32]} 63... g5 {[%clk 0:09:48]} 64.
Ka5 {[%clk 1:22:57]} 64... Rh5 {[%clk 0:06:02]} 65. b5 {[%clk 1:23:07]} 65...
g4 {[%clk 0:06:19]} 66. a7+ {[%clk 1:23:23]} 66... Ka8 {[%clk 0:06:43]} 67. Ka6
{[%clk 1:23:39]} 67... Rh8 {[%clk 0:06:09]} 68. b6 1-0

[Event "DEM U14 2018"]
[Site "Willingen GER"]
[Date "2018.05.20"]
[Round "1"]
[White "Haufe, Laurin"]
[Black "Köllner, Ruben Gideon"]
[Result "1/2-1/2"]
[Termination "normal"]
[Board "6"]
[WhiteElo "1814"]
[BlackElo "2204"]
[WhiteClock "00:52:35"]
[BlackClock "00:23:38"]
[PlyCount "105"]
[WhiteFideId "12976504"]
[BlackFideId "12993093"]
[EventCountry "GER"]
[EventRounds "9"]
[EventType "swiss"]
[EventDate "2018.05.19"]

1. e4 {[%clk 1:30:39]} 1... d6 {[%clk 1:30:45]} 2. d4 {[%clk 1:30:57]} 2... Nf6
{[%clk 1:31:01]} 3. Nc3 {[%clk 1:31:04]} 3... e5 {[%clk 1:31:17]} 4. dxe5 {
[%clk 1:31:20]} 4... dxe5 {[%clk 1:31:40]} 5. Qxd8+ {[%clk 1:31:38]} 5... Kxd8
{[%clk 1:32:07]} 6. Bc4 {[%clk 1:31:50]} 6... Be6 {[%clk 1:32:30]} 7. Bxe6 {
[%clk 1:32:05]} 7... fxe6 {[%clk 1:32:58]} 8. Nf3 {[%clk 1:30:53]} 8... Bd6 {
[%clk 1:33:19]} 9. Be3 {[%clk 1:30:21]} 9... Ke7 {[%clk 1:33:35]} 10. O-O-O {
[%clk 1:28:36]} 10... Nc6 {[%clk 1:32:58]} 11. Nd2 {[%clk 1:25:42]} 11... a6 {
[%clk 1:32:27]} 12. f3 {[%clk 1:25:10]} 12... b5 {[%clk 1:32:11]} 13. Nb3 {
[%clk 1:24:43]} 13... Rhb8 {[%clk 1:30:34]} 14. g4 {[%clk 1:20:06]} 14... a5 {
[%clk 1:25:10]} 15. h4 {[%clk 1:19:29]} 15... a4 {[%clk 1:24:26]} 16. Nd2 {
[%clk 1:14:23]} 16... Nd4 {[%clk 1:17:44]} 17. Bxd4 {[%clk 1:12:12]} 17... exd4
{[%clk 1:16:54]} 18. Ne2 {[%clk 1:12:33]} 18... c5 {[%clk 1:16:44]} 19. h5 {
[%clk 1:11:24]} 19... Rf8 {[%clk 1:13:07]} 20. f4 {[%clk 1:09:36]} 20... e5 {
[%clk 1:04:55]} 21. g5 {[%clk 1:08:13]} 21... Ng4 {[%clk 1:04:01]} 22. Rdg1 {
[%clk 1:08:10]} 22... Ne3 {[%clk 1:03:31]} 23. f5 {[%clk 1:08:25]} 23... c4 {
[%clk 0:59:12]} 24. h6 {[%clk 1:07:57]} 24... g6 {[%clk 0:58:57]} 25. fxg6 {
[%clk 1:07:52]} 25... hxg6 {[%clk 0:59:25]} 26. Nf1 {[%clk 1:03:36]} 26... Nxc2
{[%clk 0:35:33]} 27. Kxc2 {[%clk 1:04:00]} 27... d3+ {[%clk 0:35:58]} 28. Kd1 {
[%clk 1:04:23]} 28... dxe2+ {[%clk 0:36:09]} 29. Kxe2 {[%clk 1:04:47]} 29... a3
{[%clk 0:36:07]} 30. b3 {[%clk 1:02:29]} 30... cxb3 {[%clk 0:36:24]} 31. axb3 {
[%clk 1:02:54]} 31... Bc5 {[%clk 0:30:37]} 32. Ne3 {[%clk 1:03:06]} 32... a2 {
[%clk 0:29:03]} 33. Rc1 {[%clk 0:46:40]} 33... Bd4 {[%clk 0:23:55]} 34. Nc2 {
[%clk 0:46:17]} 34... Rf2+ {[%clk 0:22:48]} 35. Kd3 {[%clk 0:46:38]} 35... Bb2
{[%clk 0:21:28]} 36. Ke3 {[%clk 0:43:04]} 36... Rxc2 {[%clk 0:20:13]} 37. Rxc2
{[%clk 0:43:29]} 37... a1=Q {[%clk 0:20:03]} 38. Rxa1 {[%clk 0:43:37]} 38...
Bxa1 {[%clk 0:20:28]} 39. Rc7+ {[%clk 0:43:58]} 39... Ke6 {[%clk 0:15:03]} 40.
Rc6+ {[%clk 0:42:25]} 40... Kf7 {[%clk 0:10:47]} 41. Rf6+ {[%clk 0:42:40]}
41... Kg8 {[%clk 0:02:44]} 42. Rxg6+ {[%clk 0:42:55]} 42... Kh8 {[%clk 0:02:42]
} 43. Rg7 {[%clk 0:35:29]} 43... Rg8 {[%clk 0:01:42]} 44. Rxg8+ {[%clk 0:35:44]
} 44... Kxg8 {[%clk 0:02:06]} 45. g6 {[%clk 0:36:09]} 45... Bb2 {[%clk 0:01:58]
} 46. Kf3 {[%clk 0:36:14]} 46... Bc1 {[%clk 0:01:52]} 47. h7+ {[%clk 0:36:38]}
47... Kg7 {[%clk 0:28:55]} 48. Kg4 {[%clk 1:07:00]} 48... b4 {[%clk 0:27:19]}
49. Kf5 {[%clk 1:06:48]} 49... Bd2 {[%clk 0:25:56]} 50. Ke6 {[%clk 0:59:51]}
50... Bc1 {[%clk 0:25:19]} 51. Ke7 {[%clk 0:53:15]} 51... Bg5+ {[%clk 0:23:28]}
52. Ke6 {[%clk 0:52:59]} 52... Bc1 {[%clk 0:23:38]} 53. Ke7 {[%clk 0:52:35]}
1/2-1/2

[Event "DEM U14 2018"]
[Site "Willingen GER"]
[Date "2018.05.20"]
[Round "1"]
[White "Bethke, Richard"]
[Black "Liebold, Aaron"]
[Result "1-0"]
[Termination "normal"]
[Board "7"]
[WhiteElo "2148"]
[BlackElo "1874"]
[WhiteClock "00:37:24"]
[BlackClock "00:29:02"]
[PlyCount "91"]
[WhiteFideId "12959243"]
[BlackFideId "12997846"]
[EventCountry "GER"]
[EventRounds "9"]
[EventType "swiss"]
[EventDate "2018.05.19"]

1. e4 {[%clk 1:30:56]} 1... c5 {[%clk 1:30:57]} 2. Nf3 {[%clk 1:31:23]} 2... d6
{[%clk 1:31:22]} 3. d4 {[%clk 1:31:49]} 3... cxd4 {[%clk 1:31:47]} 4. Nxd4 {
[%clk 1:32:13]} 4... Nf6 {[%clk 1:32:10]} 5. Nc3 {[%clk 1:32:39]} 5... a6 {
[%clk 1:32:22]} 6. h3 {[%clk 1:32:59]} 6... h5 {[%clk 1:32:03]} 7. Be3 { [%clk
1:32:48]} 7... e6 {[%clk 1:30:18]} 8. g3 {[%clk 1:32:25]} 8... b5 { [%clk
1:28:44]} 9. a3 {[%clk 1:30:08]} 9... Bb7 {[%clk 1:28:58]} 10. Bg2 { [%clk
1:30:10]} 10... Be7 {[%clk 1:27:13]} 11. O-O {[%clk 1:28:26]} 11... Qc7 { [%clk
1:17:30]} 12. f4 {[%clk 1:20:35]} 12... Nbd7 {[%clk 1:15:48]} 13. Nb3 { [%clk
1:16:49]} 13... Rd8 {[%clk 1:11:51]} 14. Qe2 {[%clk 1:15:11]} 14... Nc5 { [%clk
0:51:27]} 15. Nxc5 {[%clk 1:09:32]} 15... dxc5 {[%clk 0:49:34]} 16. e5 { [%clk
1:06:58]} 16... Nd5 {[%clk 0:48:16]} 17. Nxd5 {[%clk 1:07:24]} 17... Bxd5
{[%clk 0:47:34]} 18. Rfd1 {[%clk 0:58:41]} 18... h4 {[%clk 0:40:17]} 19. g4 {
[%clk 0:57:33]} 19... O-O {[%clk 0:33:43]} 20. Bxd5 {[%clk 0:56:07]} 20... Rxd5
{[%clk 0:32:30]} 21. Rxd5 {[%clk 0:40:12]} 21... exd5 {[%clk 0:32:53]} 22. a4 {
[%clk 0:40:05]} 22... Rb8 {[%clk 0:30:08]} 23. axb5 {[%clk 0:39:57]} 23... axb5
{[%clk 0:30:36]} 24. Bf2 {[%clk 0:39:37]} 24... Qd7 {[%clk 0:23:38]} 25. Qe1 {
[%clk 0:34:47]} 25... d4 {[%clk 0:22:49]} 26. Qe4 {[%clk 0:26:59]} 26... Rd8 {
[%clk 0:20:44]} 27. Kg2 {[%clk 0:15:28]} 27... c4 {[%clk 0:15:30]} 28. Rd1 {
[%clk 0:12:35]} 28... Qa7 {[%clk 0:10:09]} 29. Rxd4 {[%clk 0:12:03]} 29... Rxd4
{[%clk 0:10:09]} 30. Bxd4 {[%clk 0:12:22]} 30... Qa4 {[%clk 0:10:19]} 31. e6 {
[%clk 0:09:42]} 31... Qb4 {[%clk 0:08:21]} 32. exf7+ {[%clk 0:09:54]} 32...
Kxf7 {[%clk 0:08:43]} 33. Qd5+ {[%clk 0:08:32]} 33... Kf8 {[%clk 0:08:43]} 34.
Bc3 {[%clk 0:08:27]} 34... Qa4 {[%clk 0:08:44]} 35. Qf5+ {[%clk 0:08:44]} 35...
Kg8 {[%clk 0:06:17]} 36. Qe6+ {[%clk 0:09:02]} 36... Kf8 {[%clk 0:06:43]} 37.
Bxg7+ {[%clk 0:09:17]} 37... Kxg7 {[%clk 0:06:18]} 38. Qxe7+ {[%clk 0:09:42]}
38... Kg8 {[%clk 0:06:32]} 39. Qg5+ {[%clk 0:10:06]} 39... Kf8 {[%clk 0:06:56]}
40. Qf5+ {[%clk 0:10:32]} 40... Kg8 {[%clk 0:06:28]} 41. g5 {[%clk 0:08:39]}
41... Qa8+ {[%clk 0:05:01]} 42. Kf2 {[%clk 0:09:02]} 42... Qh1 {[%clk 0:04:47]}
43. g6 {[%clk 0:06:38]} 43... Qh2+ {[%clk 0:03:00]} 44. Kf3 {[%clk 0:06:55]}
44... Qg3+ {[%clk 0:02:25]} 45. Ke4 {[%clk 0:07:12]} 45... Qe1+ {[%clk 0:29:02]
} 46. Kd5 {[%clk 0:37:24]} 1-0

[Event "DEM U14 2018"]
[Site "Willingen GER"]
[Date "2018.05.20"]
[Round "1"]
[White "Pahl, Theis"]
[Black "Colbow, Collin"]
[Result "0-1"]
[Termination "normal"]
[Board "8"]
[WhiteElo "1987"]
[BlackElo "2148"]
[WhiteClock "00:29:11"]
[BlackClock "00:30:10"]
[PlyCount "98"]
[WhiteFideId "16201264"]
[BlackFideId "16201132"]
[EventCountry "GER"]
[EventRounds "9"]
[EventType "swiss"]
[EventDate "2018.05.19"]

1. e4 {[%clk 1:30:58]} 1... c5 {[%clk 1:30:55]} 2. Nf3 {[%clk 1:31:23]} 2... d6
{[%clk 1:31:20]} 3. d4 {[%clk 1:31:50]} 3... cxd4 {[%clk 1:31:46]} 4. Nxd4 {
[%clk 1:32:17]} 4... Nf6 {[%clk 1:32:08]} 5. Nc3 {[%clk 1:32:43]} 5... g6 {
[%clk 1:32:26]} 6. f3 {[%clk 1:32:16]} 6... Bg7 {[%clk 1:32:45]} 7. Be3 { [%clk
1:32:41]} 7... O-O {[%clk 1:33:09]} 8. Qd2 {[%clk 1:33:08]} 8... Nc6 { [%clk
1:33:32]} 9. O-O-O {[%clk 1:31:41]} 9... d5 {[%clk 1:33:32]} 10. exd5 { [%clk
1:25:59]} 10... Nxd5 {[%clk 1:33:47]} 11. Nxc6 {[%clk 1:12:10]} 11... bxc6
{[%clk 1:34:12]} 12. Bd4 {[%clk 1:07:18]} 12... e5 {[%clk 1:34:00]} 13. Bc5
{[%clk 1:05:36]} 13... Be6 14. Ne4 {[%clk 0:56:36]} 14... Re8 { [%clk 1:24:28]}
15. Bc4 {[%clk 0:46:17]} 15... Qc7 {[%clk 1:18:44]} 16. h4 { [%clk 0:40:09]}
16... h6 {[%clk 1:08:30]} 17. h5 {[%clk 0:34:21]} 17... g5 { [%clk 1:06:30]}
18. Rhe1 {[%clk 0:29:40]} 18... Red8 {[%clk 1:01:44]} 19. Qf2 { [%clk 0:27:55]}
19... a5 {[%clk 0:57:05]} 20. g4 {[%clk 0:25:36]} 20... Rab8 { [%clk 0:50:18]}
21. c3 {[%clk 0:23:57]} 21... a4 {[%clk 0:43:17]} 22. Qc2 { [%clk 0:21:40]}
22... Qa5 {[%clk 0:39:38]} 23. Bxd5 {[%clk 0:16:53]} 23... cxd5 {[%clk
0:27:54]} 24. Bb4 {[%clk 0:13:02]} 24... Rxb4 {[%clk 0:15:44]} 25. cxb4 {[%clk
0:13:26]} 25... Qxb4 {[%clk 0:15:52]} 26. Re3 {[%clk 0:11:53]} 26... Rb8 {[%clk
0:13:22]} 27. a3 {[%clk 0:10:43]} 27... Qb6 {[%clk 0:09:21]} 28. Nc5 { [%clk
0:10:00]} 28... d4 {[%clk 0:09:01]} 29. Nxe6 {[%clk 0:06:22]} 29... dxe3 {[%clk
0:08:06]} 30. Nxg7 {[%clk 0:06:40]} 30... Kxg7 {[%clk 0:07:33]} 31. Qc3 {[%clk
0:06:41]} 31... Qb5 {[%clk 0:05:01]} 32. Re1 {[%clk 0:06:11]} 32... e2 { [%clk
0:05:23]} 33. Qc2 {[%clk 0:05:57]} 33... Rb6 {[%clk 0:04:11]} 34. Qxe2 { [%clk
0:05:08]} 34... Qxe2 {[%clk 0:03:16]} 35. Rxe2 {[%clk 0:05:33]} 35... Rb3
{[%clk 0:02:37]} 36. Re4 {[%clk 0:03:55]} 36... Rxf3 {[%clk 0:02:58]} 37. Rxa4
{[%clk 0:04:22]} 37... f5 {[%clk 0:01:53]} 38. gxf5 {[%clk 0:04:26]} 38... Kf6
{[%clk 0:01:49]} 39. Ra6+ {[%clk 0:04:10]} 39... Kxf5 {[%clk 0:02:16]} 40. Rxh6
{[%clk 0:02:36]} 40... g4 {[%clk 0:01:07]} 41. a4 {[%clk 0:29:42]} 41... Rf4 {
[%clk 0:27:52]} 42. b3 {[%clk 0:29:14]} 42... g3 {[%clk 0:28:02]} 43. Rg6 {
[%clk 0:27:37]} 43... Rg4 {[%clk 0:28:17]} 44. Rd6 {[%clk 0:27:41]} 44... g2 {
[%clk 0:28:38]} 45. Rd1 {[%clk 0:28:05]} 45... g1=Q {[%clk 0:29:03]} 46. Rxg1 {
[%clk 0:28:29]} 46... Rxg1+ {[%clk 0:29:28]} 47. Kd2 {[%clk 0:28:47]} 47... e4
{[%clk 0:29:30]} 48. h6 {[%clk 0:28:51]} 48... Kf4 {[%clk 0:29:49]} 49. h7 {
[%clk 0:29:11]} 49... e3+ {[%clk 0:30:10]} 0-1

[Event "DEM U14 2018"]
[Site "Willingen GER"]
[Date "2018.05.20"]
[Round "1"]
[White "Dobrikov, Marco"]
[Black "Haller, Luis"]
[Result "1-0"]
[Termination "normal"]
[Board "9"]
[WhiteElo "2151"]
[BlackElo "1711"]
[WhiteClock "00:21:23"]
[BlackClock "00:44:40"]
[PlyCount "107"]
[WhiteFideId "12950378"]
[BlackFideId "16209826"]
[EventCountry "GER"]
[EventRounds "9"]
[EventType "swiss"]
[EventDate "2018.05.19"]

1. e4 {[%clk 1:30:58]} 1... e5 {[%clk 1:30:54]} 2. Nf3 {[%clk 1:31:25]} 2...
Nc6 {[%clk 1:31:14]} 3. Bc4 {[%clk 1:31:51]} 3... Nf6 {[%clk 1:31:20]} 4. Ng5 {
[%clk 1:32:02]} 4... d5 {[%clk 1:31:37]} 5. exd5 {[%clk 1:32:28]} 5... Na5 {
[%clk 1:31:52]} 6. Bb5+ {[%clk 1:32:51]} 6... c6 {[%clk 1:32:04]} 7. dxc6 {
[%clk 1:33:13]} 7... bxc6 {[%clk 1:31:35]} 8. Be2 {[%clk 1:33:11]} 8... h6 {
[%clk 1:31:17]} 9. Nh3 {[%clk 1:32:21]} 9... Bc5 {[%clk 1:30:58]} 10. d3 {
[%clk 1:31:12]} 10... Bxh3 {[%clk 1:29:48]} 11. gxh3 {[%clk 1:31:36]} 11... Qd4
{[%clk 1:28:22]} 12. O-O {[%clk 1:30:16]} 12... Qh4 {[%clk 1:26:44]} 13. Bf3 {
[%clk 1:23:50]} 13... O-O {[%clk 1:22:12]} 14. Bd2 {[%clk 1:12:57]} 14... Bb6 {
[%clk 1:20:24]} 15. Qe1 {[%clk 0:50:16]} 15... Nb7 {[%clk 1:16:12]} 16. Bxc6 {
[%clk 0:47:27]} 16... Qxh3 {[%clk 1:13:54]} 17. Qxe5 {[%clk 0:46:15]} 17...
Rac8 {[%clk 1:08:30]} 18. Bg2 {[%clk 0:45:31]} 18... Qh4 {[%clk 1:07:00]} 19.
Qg3 {[%clk 0:45:03]} 19... Qxg3 {[%clk 1:05:38]} 20. hxg3 {[%clk 0:45:27]}
20... Nd6 {[%clk 1:05:15]} 21. Nc3 {[%clk 0:43:19]} 21... Nf5 {[%clk 1:04:40]}
22. Kh1 {[%clk 0:35:02]} 22... Ng4 {[%clk 1:00:24]} 23. Be1 {[%clk 0:31:56]}
23... Rfe8 {[%clk 0:59:03]} 24. Be4 {[%clk 0:30:15]} 24... Nd4 {[%clk 0:58:37]}
25. Rc1 {[%clk 0:29:08]} 25... f5 {[%clk 0:57:08]} 26. Bd5+ {[%clk 0:28:46]}
26... Kh7 {[%clk 0:55:28]} 27. Kg2 {[%clk 0:27:02]} 27... Ne2 {[%clk 0:50:42]}
28. Rd1 {[%clk 0:22:20]} 28... Nxc3 {[%clk 0:47:59]} 29. Bxc3 {[%clk 0:15:54]}
29... Re2 {[%clk 0:47:07]} 30. Bf3 {[%clk 0:10:20]} 30... Rxc2 {[%clk 0:39:57]}
31. Bxg4 {[%clk 0:10:41]} 31... fxg4 {[%clk 0:40:22]} 32. d4 {[%clk 0:10:00]}
32... Re8 {[%clk 0:38:03]} 33. Rde1 {[%clk 0:09:15]} 33... Rce2 {[%clk 0:37:36]
} 34. Rxe2 34... Rxe2 {[%clk 0:37:56]} 35. Rd1 {[%clk 0:09:25]} 35... Kg6 {
[%clk 0:37:16]} 36. Kf1 {[%clk 0:09:49]} 36... Re7 {[%clk 0:36:31]} 37. b4 {
[%clk 0:07:39]} 37... Rc7 {[%clk 0:35:01]} 38. Rd3 {[%clk 0:07:20]} 38... Kf5 {
[%clk 0:34:59]} 39. a4 {[%clk 0:06:06]} 39... a6 {[%clk 0:34:23]} 40. Ke2 {
[%clk 0:00:54]} 40... h5 {[%clk 0:31:45]} 41. Re3 {[%clk 0:00:36]} 41... g5 {
[%clk 0:29:20]} 42. Re5+ {[%clk 0:27:39]} 42... Kf6 {[%clk 0:58:21]} 43. Kd3 {
[%clk 0:26:10]} 43... h4 {[%clk 0:56:49]} 44. gxh4 {[%clk 0:24:15]} 44... gxh4
{[%clk 0:57:05]} 45. Rh5 {[%clk 0:23:39]} 45... h3 {[%clk 0:57:06]} 46. Bd2 {
[%clk 0:23:16]} 46... Rg7 {[%clk 0:52:12]} 47. Bf4 {[%clk 0:22:34]} 47... Bc7 {
[%clk 0:48:39]} 48. Bxc7 {[%clk 0:19:51]} 48... Rxc7 {[%clk 0:48:35]} 49. f3 {
[%clk 0:20:15]} 49... gxf3 {[%clk 0:45:18]} 50. Rxh3 {[%clk 0:20:41]} 50... Rc1
{[%clk 0:45:36]} 51. Rxf3+ {[%clk 0:21:07]} 51... Ke6 {[%clk 0:45:59]} 52. Rh3
{[%clk 0:20:33]} 52... Kd5 {[%clk 0:44:14]} 53. Rh5+ {[%clk 0:20:56]} 53... Kc6
{[%clk 0:44:40]} 54. Rc5+ {[%clk 0:21:23]} 1-0

[Event "DEM U14 2018"]
[Site "Willingen GER"]
[Date "2018.05.20"]
[Round "1"]
[White "Breitzmann, Sander"]
[Black "Pubantz, Jan"]
[Result "0-1"]
[Termination "normal"]
[Board "10"]
[WhiteElo "1858"]
[BlackElo "2107"]
[WhiteClock "00:16:14"]
[BlackClock "00:01:15"]
[PlyCount "82"]
[WhiteFideId "12987085"]
[BlackFideId "12996114"]
[EventCountry "GER"]
[EventRounds "9"]
[EventType "swiss"]
[EventDate "2018.05.19"]

1. e4 {[%clk 1:30:55]} 1... c5 {[%clk 1:30:56]} 2. Nf3 {[%clk 1:31:21]} 2... d6
{[%clk 1:31:21]} 3. d4 {[%clk 1:31:45]} 3... cxd4 {[%clk 1:31:43]} 4. Qxd4 {
[%clk 1:32:09]} 4... Nc6 {[%clk 1:24:55]} 5. Bb5 {[%clk 1:32:31]} 5... Bd7 {
[%clk 1:23:54]} 6. Bxc6 {[%clk 1:32:51]} 6... Bxc6 {[%clk 1:23:32]} 7. Nc3 {
[%clk 1:33:05]} 7... Nf6 {[%clk 1:15:20]} 8. Bg5 {[%clk 1:33:18]} 8... e6 {
[%clk 1:14:18]} 9. O-O-O {[%clk 1:33:24]} 9... Be7 {[%clk 1:11:39]} 10. Qd3 {
[%clk 1:33:02]} 10... O-O {[%clk 1:07:59]} 11. Nd4 {[%clk 1:32:54]} 11... Qa5 {
[%clk 0:58:55]} 12. f4 {[%clk 1:32:15]} 12... Rfd8 {[%clk 0:53:46]} 13. f5 {
[%clk 1:28:17]} 13... e5 {[%clk 0:46:34]} 14. Nb3 {[%clk 1:27:45]} 14... Qc7 {
[%clk 0:45:00]} 15. Bxf6 {[%clk 1:25:15]} 15... Bxf6 {[%clk 0:45:24]} 16. h4 {
[%clk 1:22:38]} 16... Rac8 {[%clk 0:42:14]} 17. Qe2 {[%clk 1:22:07]} 17... a5 {
[%clk 0:38:42]} 18. a4 {[%clk 1:09:06]} 18... Qb6 {[%clk 0:30:23]} 19. Rh3 {
[%clk 0:58:46]} 19... Qb4 {[%clk 0:27:26]} 20. g4 {[%clk 0:56:34]} 20... d5 {
[%clk 0:17:39]} 21. Nxd5 {[%clk 0:46:37]} 21... Bxd5 {[%clk 0:17:19]} 22. Rxd5
{[%clk 0:46:38]} 22... Rxd5 {[%clk 0:17:04]} 23. exd5 {[%clk 0:46:55]} 23...
Bxh4 {[%clk 0:12:55]} 24. Rxh4 {[%clk 0:42:18]} 24... Qxb3 {[%clk 0:13:14]} 25.
g5 {[%clk 0:41:09]} 25... Qg3 {[%clk 0:08:58]} 26. Rg4 {[%clk 0:38:08]} 26...
Qh3 {[%clk 0:09:15]} 27. f6 {[%clk 0:33:17]} 27... g6 {[%clk 0:04:22]} 28. Re4
{[%clk 0:29:18]} 28... Qh1+ {[%clk 0:01:48]} 29. Qe1 {[%clk 0:29:37]} 29... Qg2
{[%clk 0:02:00]} 30. c3 {[%clk 0:24:43]} 30... Qxg5+ {[%clk 0:02:20]} 31. Qe3 {
[%clk 0:24:54]} 31... Qxf6 {[%clk 0:02:18]} 32. Rxe5 {[%clk 0:25:11]} 32... Kg7
{[%clk 0:01:27]} 33. Qd4 {[%clk 0:21:41]} 33... Rc4 {[%clk 0:00:42]} 34. Qxc4 {
[%clk 0:20:36]} 34... Qxe5 {[%clk 0:01:05]} 35. Qb5 {[%clk 0:20:50]} 35... h5 {
[%clk 0:00:37]} 36. Qxb7 {[%clk 0:18:49]} 36... h4 {[%clk 0:00:54]} 37. Qd7 {
[%clk 0:19:15]} 37... Qe3+ {[%clk 0:00:51]} 38. Kc2 {[%clk 0:18:05]} 38... h3 {
[%clk 0:01:06]} 39. d6 {[%clk 0:15:55]} 39... Qe4+ {[%clk 0:01:06]} 40. Kb3 {
[%clk 0:16:01]} 40... h2 {[%clk 0:01:15]} 41. Qe7 {[%clk 0:16:14]} 41... h1=Q
0-1